Health psychology: an introduction to behaviour. / (Record no. 7015)
[ view plain ]
| 000 -LEADER | |
|---|---|
| fixed length control field | 01147nam a22001697a 4500 |
| 008 - FIXED-LENGTH DATA ELEMENTS--GENERAL INFORMATION | |
| fixed length control field | 200128b xxu||||| |||| 00| 0 eng d |
| 020 ## - INTERNATIONAL STANDARD BOOK NUMBER | |
| International Standard Book Number | 9780495090656 |
| 050 ## - LIBRARY OF CONGRESS CALL NUMBER | |
| Classification number | R726.5B72(6e) |
| 100 ## - MAIN ENTRY--PERSONAL NAME | |
| Personal name | Brannon, Linda. |
| Dates associated with a name | 2007. |
| 245 ## - TITLE STATEMENT | |
| Title | Health psychology: an introduction to behaviour. / |
| Statement of responsibility, etc. | Linda Brannon and Jess Feist. |
| 250 ## - EDITION STATEMENT | |
| Edition statement | 6th ed. |
| 300 ## - PHYSICAL DESCRIPTION | |
| Extent | xxxii, 1960 p. : |
| Other physical details | ill. col.; |
| Dimensions | 24 cm. |
| 500 ## - GENERAL NOTE | |
| General note | includes index and appendix. |
| 505 ## - FORMATTED CONTENTS NOTE | |
| Formatted contents note | Part 1: Foundations of health psychology: Introducing health Psychology -- Conducting health research -- Seeking health care -- Adhering to medical advice -- Part 2: Stress, pain, and coping: Defining and measuring stress -- Understanding stress and disease -- Understanding pain -- Managing stress and pain -- Part 3: Behavior and chronic disease: Behavioral factors in cardiovascular disease -- Behavioral factors in cancer -- Living with chronic illness -- Part 4: Behavioral health: Preventing injuries -- Smoking tobacco -- Using alcohol and other drugs -- Eating and weight -- Exercising -- Part 5: Looking toward the future: Future challenges. |
| 600 ## - SUBJECT ADDED ENTRY--PERSONAL NAME | |
| Personal name | Feist, Jess. |
| 942 ## - ADDED ENTRY ELEMENTS (KOHA) | |
| Source of classification or shelving scheme | Library of Congress Classification |
| Koha item type | Books |
| Withdrawn status | Lost status | Source of classification or shelving scheme | Damaged status | Not for loan | Home library | Current library | Date acquired | Total Checkouts | Full call number | Date last seen | Copy number | Price effective from | Koha item type |
|---|---|---|---|---|---|---|---|---|---|---|---|---|---|
| Library of Congress Classification | WISCONSIN INTERNATIONAL UNIVERSITY COLLEGE, GHANA - MAIN LIBRARY | WISCONSIN INTERNATIONAL UNIVERSITY COLLEGE, GHANA - MAIN LIBRARY | 28/01/2020 | R726.5B72(6e) | 28/01/2020 | 1 | 28/01/2020 | Books |
